Archivo general de la administración : 1969-1994 1969-1994
Descripción Física:
81, [5] p. : il., col. ; 24 cm
MARC
| LEADER | 00000nam a2200000Ia 4500 | ||
|---|---|---|---|
| 001 | 11045 | ||
| 003 | BGR | ||
| 005 | 20260324175248.0 | ||
| 008 | 160829s1995 xx 000 0 cat d | ||
| 080 | |a A-1-293 | ||
| 110 | 1 | |9 70375 |a Archivo General de la Administración (Espanya) | |
| 245 | |a Archivo general de la administración : |b 1969-1994 | ||
| 260 | |a Madrid : |b Ministerio de Cultura, Subdirección General de los Archivos Estatales, |c 1995 | ||
| 300 | |a 81, [5] p. : |b il., col. ; |c 24 cm | ||
| 590 | |a A la contracoberta: Dirección General del Libro, Archivos y Bibliotecas | ||
| 610 | 1 | 0 | |9 70375 |a Archivo General de la Administración (Espanya) |
| 901 | |a Arxiu | ||
| 942 | |n 1 |2 udc |c MON | ||
| 952 | |0 0 |1 0 |4 0 |6 A1293 |7 1 |9 42842 |a Arxiu |b Arxiu |d 2016-12-01 |l 0 |o A-1-293 |p 11045 |r 2016-12-01 00:00:00 |w 2016-12-01 |y ARXIU | ||
| 999 | |c 45348 |d 45348 | ||